Giza Movies by Picture - Statistics

General Stats
  • This quiz has been taken 220 times
  • The average score is 7 of 16
Answer Stats
Picture Answer % Correct
Transformers: Revenge of the Fallen
96%
Godzilla x Kong: The New Empire
94%
Napoleon
88%
The Mummy
87%
Fantastic Four: Rise of the Silver Surfer
67%
The Spy Who Loved Me
66%
Asterix & Obelix: Mission Cleopatra
49%
Death on the Nile
42%
Mr. Peabody & Sherman
41%
Stargate
37%
The Chipmunk Adventure
28%
Exodus: Gods and Kings
14%
OSS 117: Cairo, Nest of Spies
4%
The Extraordinary Adventures of Adèle Blanc-Sec
4%
Cairo Time
3%
Land of the Pharaohs
3%
No matching quizzes found
Score Distribution
Percent of People with Each Score
Percentile by Number Answered
Your Score History
You have not taken this quiz